Banja Luka Airport destinations 2025 - Statistics

General Stats
  • This quiz has been taken 19 times
  • The average score is 5 of 9
Answer Stats
Airline Answer % Correct
Air Serbia Belgrade
100%
Ryanair Vienna
87%
WizzAir Basel
67%
Ryanair Charleroi
53%
Ryanair Stockholm
53%
Ryanair Gothenburg
47%
Ryanair Memmingen
47%
WizzAir Dortmund
33%
Ryanair Karlsruhe/Baden-Baden
33%
No matching quizzes found
Score Distribution
Percent of People with Each Score
Percentile by Number Answered
Your Score History
You have not taken this quiz